000
00316nam a22001337a 4500
020
_a
9788121938907
082
_a
519.062
_b
DAS/HI
100
_a
Dass, H.K
245
_a
Higher engineering mathematics
260
_a
New Delhi
_b
S.Chand & Company Ltd.
_c
2011
300
_a
1708
700
_a
Rajnish Verma
942
_c
BK
999
_c
13892
_d
13892